000 00576nam a2200133Ia 4500
008 220620s9999||||xx |||||||||||||| ||und||
020 _a9782890000000
245 0 _aLanguage and Memory: Understanding their Interactions, Interdependencies, and Shared Mechanisms
546 _aEnglish[eng]
650 _alanguage||memory||learning||communication||neuroscience
700 _aDuff, Melissa||Piai, Vitória
856 _uhttps://www.frontiersin.org/research-topics/9151/language-and-memory-understanding-their-interactions-interdependencies-and-shared-mechanisms
942 _cEB
999 _c34205
_d34205